| 000 | 00447nam a2200169Ia 4500 | ||
|---|---|---|---|
| 003 | GCL | ||
| 008 | 140319s9999 xx 000 0 eng d | ||
| 040 |
_aGCL / _cGCL |
||
| 082 | 0 | 4 |
_a616.89 _bS F |
| 100 | 1 | _aSPURTING, LAURENCE | |
| 245 | 1 | 0 |
_aFROM THE WORDS OF MY MOUUTH: TRADITION IN PSYCHOTHERAPY / _cSPURTING, LAURENCE |
| 260 |
_a[S.N] : _bROUTLEDGE |
||
| 300 | _a165 | ||
| 650 | 0 | 4 | _aPHILOSOPHY |
| 650 | 0 | 4 | _aPSYCHOTHERAPY |
| 942 |
_2ddc _cBK |
||
| 999 |
_c19188 _d19188 |
||